01123nam a2200241 a 450000100100000000500170001000800410002702000150006804000250008304100080010808200180011610000270013424501410016126000420030230000350034450000380037965000720041704900090048995201280049895201160062695201220074299900170086400002162920200930011405.0100909s1997 gw ab 000 0 spa d z382631276X aDO-SdBNPbspacBNPHU172eng a577.52bB687d1 aBolay, Eberhard93779510aThe Dominican Republic a country between rain forest and desert :bcontributions to the ecology of a caribbean island /cEberhard Bolay. aWeikersheim :bMargraf Verlag,c1997. a456 p. :bil. ; map. ;c24 cm. aIncluye notas al pie de páginas 4aEcología de islaszRepública DominicanaxInvestigaciones945003 aBNPD 001054708MOaGRbGRcCTd2010-09-09iLF1l0o577.52 B687dp21629-30r2020-06-25te. 3w2020-06-25y4ZPréstamo en sala 001050718MOaPDbPDcCTd2010-09-09iLF1l0o577.52 B687dp21629-10r2020-06-25w2020-06-25y1ZNo se presta 001050718MOaPDbPDcCTd2010-09-09iLF1l0o577.52 B687dp21629-20r2020-06-25te. 2w2020-06-25y1ZNo se presta c21128d21128